00689nam a22001097a 4500040000800000082002700008100004700035245035600082260002700438300002600465856008800491 cRUA aAVM DUO 2018 B654 Or.1 aDUONG PHIRUNY ជូន ភិរុនី acurrent practices of smallholder farmer and disease management of pigs in battambang province ការអនុវត្តរបស់កសិករ និងផ្នាក់ងារសុខភាពសត្វភូមិនៅលើការគ្រប់គ្រងជំងឺជ្រូក នៅខេត្តបាត់ដំបង aRUAbPhnom penh c2018 a ix;36pbill;c29cm u https://drive.google.com/file/d/1C8FIEfIIvhTz9V2PSPeeyKOZhyRvlxD1/view?usp=sharing